10 Richest Countries in Asia Quiz Stats

Quiz Updated Dec 16, 2015

Challenge
Share
Tweet
Embed
Score 0/10 Timer 03:00
12 Plays Today
% Correct
United Arab Emirates
90.9%
Japan
88.6%
Qatar
85.9%
Singapore
83.2%
Saudi Arabia
83.1%
Kuwait
77.9%
Bahrain
71%
Brunei
62.2%
Taiwan
56.8%
Oman
48.3%

You're not logged in!

Compare scores with friends on all Sporcle quizzes.
Sign Up with Email
OR
Log In

You Might Also Like...

Show Comments

Extras

Top Quizzes Today


Score Distribution

Your Account Isn't Verified!

In order to create a playlist on Sporcle, you need to verify the email address you used during registration. Go to your Sporcle Settings to finish the process.